Welcome to the Holygrace Academy Library

Please use search bar below to get started

HARRY POTTER (Record no. 3795)

MARC details
000 -LEADER
fixed length control field 00576nam a22001457a 4500
020 ## - INTERNATIONAL STANDARD BOOK NUMBER
ISBN 978-1-4088-5570-6
082 ## - DEWEY DECIMAL CLASSIFICATION NUMBER
Classification number 823
Item number ROW/H
100 ## - MAIN ENTRY--AUTHOR NAME
Personal name ROWLING, J K
245 ## - TITLE STATEMENT
Title HARRY POTTER
Remainder of title AND THE HALF-BLOOD PRINCE
260 ## - PUBLICATION, DISTRIBUTION, ETC. (IMPRINT)
Place of publication LONDON
Name of publisher BLOOMSBURY
Year of publication 2014
300 ## - PHYSICAL DESCRIPTION
Number of Pages 542
520 ## - SUMMARY, ETC.
Summary, etc Set during Harry Potter's sixth year at Hogwarts, the novel explores the past of the boy wizard's nemesis, Lord Voldemort, and Harry's preparations for the final battle against Voldemort alongside his headmaster and mentor Albus Dumbledore.
650 ## - SUBJECT ADDED ENTRY--TOPICAL TERM
Topical Term NOVEL
Geographic subdivision UNITED KINGDOM
942 ## - ADDED ENTRY ELEMENTS (KOHA)
Koha item type Books
Holdings
Withdrawn status Lost status Collection code Home library Current library Shelving location Date acquired Source of acquisition Full call number Accession Number Koha item type
    Fiction Main Library Main Library SHELF-14-K- ALPHABETICAL- R --ENGLISH NOVELS & FICTIONS 25/01/2019 purchase 823 ROW/H 10669 Books
    Fiction Main Library Main Library SHELF-14-K- ALPHABETICAL- R --ENGLISH NOVELS & FICTIONS 02/06/2018 purchase 823 ROW/H 10220 Books